000 00772nam a2200241 i 4500
003 OSt
005 20210512081945.0
008 210511s2021 my g 000 f may d
020 _a9789672300366
_cRM28.00
_qpaperback
040 _aPPAK
_beng
_cPPAK
_erda
082 0 4 _223
_a899.2333
090 0 0 _a899.2333
_bEYY
_dG
100 0 _aEyyma Madyusa,
_eauthor.
245 1 0 _aBernabeu, Bermulanya Cinta /
_cEyyma Madyusa ; Editor : Jabatan Editorial Suara Hati
264 1 _aJalan Ampang, Kuala Lumpur :
_bSuara Hati Publication,
_c2021
300 _aii, 692 pages :
_c18 cm
336 _2rdacontent
_atext
337 _2rdamedia
_aunmediated
338 _2rdacarrier
_avolume
650 1 0 _aMalay fiction
710 2 _aJabatan Editorial Suara Hati,
_eeditor.
942 _2ddc
_cB
999 _c183925
_d183925